000 01543nam a2200373 c 4500
003 BLK
005 20230516084631.0
008 180408b bul|||||r ||||||| ||bul||
010 _aKNG00069714000
020 _a954-07-2306-Х
_bиздат.: Унив. изд. Св. Климент Охридски
040 _aBLK
041 _aBUL
_cBUL
080 _aРуска литература
_b821.161.1
_x-2.09
_z821.161.1-2.09
080 _aРуска литература
_b821.161.1
_x(092)
_z821.161.1(092)
080 _aБиографии
_b929
_x(470)
_z929(470)
100 1 _aДимитров, Людмил Иванов
_eпърви автор
_9368865
139 _aДимитров, Людмил Иванов
_bД 58
245 1 0 _aДа бъдеш шут в играта на съдбата
_bРус. драматургия от ХІХ в. ; Херменевтика на канона
_cЛюдмил Иванов Димитров.
257 _aBGR
260 София
_bУнив. изд. Св. Климент Охридски
_c2006
300 _a578 с.
_c20 см
380 _a82
500 _aРез. на рус., англ. ез.
650 4 _aРуска литература - критика
_9274192
650 4 _aДрама, руска - теми и образи
_9268552
653 _aруска литература
653 _aруска драма
653 _aХІХ в.
852 _aЦб 230215
856 4 _qpdf
_u
856 4 _qpdf
_u
942 _cKNG
_n0
_03
944 _aCR
_c28.11.2006
_kПенка_Димитрова
944 _aED
_c24.10.2007
_k
999 _c65437
_d65437